Geografía por letra - Z - Estadísticas

Estadísticas generales
  • Esta prueba ha sido intentada 4.549 veces
    1.885 desde el último reinicio
  • La puntuación promedio es 8 de 18
Estadísticas de respuestas
Pista Respuesta % Correcto
País en África Zambia
98%
Capital de Croacia Zagreb
95%
País en África Zimbabue
94%
La ciudad más grande de Suiza Zúrich
90%
Capital de Aragón Zaragoza
88%
Antiguo nombre de la R.D. del Congo Zaire
57%
La isla de Tanzania donde se encuentra la Ciudad de Piedra Zanzibar
46%
El grupo étnico más grande de Sudáfrica Zulú
46%
Ciudad de un cerco en 1072 a orillas del río Duero Zamora
43%
Moneda de Polonia Złoty
42%
Estado mexicano Zacatecas
27%
El río donde se encuentran las Cataratas Victoria Zambeze
27%
Antigua religión persa todavía practicada por una muy pequeña minoría Zoroastrismo
21%
Parque nacional en Utah Zion
14%
La quinta ciudad más grande de Croacia Zadar
13%
Estación de esquí con vista al Matterhorn Zermatt
12%
La montaña más alta de Alemania Zugspitze
10%
Ciudad y partido de la región metropolitana de Buenos Aires Zárate
9%
No se encontraron pruebas coincidentes
Distribución de puntuación
Porcentaje de gente con cada puntuación
Porcentaje por número respondido
Historial de tus puntuaciones
No has intentado esta prueba desde el último reinicio